Study Guide for Elements of Business Mathematics and Statistics (Record no. 3016)
[ view plain ]
| 005 - DATE AND TIME OF LATEST TRANSACTION | |
|---|---|
| control field | 20250602124945.0 |
| 020 ## - INTERNATIONAL STANDARD BOOK NUMBER | |
| International Standard Book Number | 9976-78-021-4 |
| 100 ## - MAIN ENTRY--PERSONAL NAME | |
| Author name | ABDU, A.N.S |
| 245 ## - TITLE STATEMENT | |
| Title | Study Guide for Elements of Business Mathematics and Statistics |
| 260 ## - PUBLICATION, DISTRIBUTION, ETC. | |
| Place of publication, distribution, etc. | Dar es Salaam |
| Name of publisher, distributor, etc. | National Board of Accountants and Auditors (NBAA) |
| Date of publication, distribution, etc. | 2004 |
| 300 ## - PHYSICAL DESCRIPTION | |
| Extent | 166p.: ill; graph, tables, |
| Dimensions | 29.5 cm |
| 942 ## - ADDED ENTRY ELEMENTS (KOHA) | |
| Source of classification or shelving scheme | Dewey Decimal Classification |
| Koha item type | Books |
| Date last seen | Total checkouts | Full call number | Barcode | Cost, replacement price | Price effective from | Koha item type | Lost status | Source of classification or shelving scheme | Damaged status | Not for loan | Withdrawn status | Home library | Current library | Shelving location | Date acquired | Source of acquisition | Cost, normal purchase price | Date last checked out |
|---|---|---|---|---|---|---|---|---|---|---|---|---|---|---|---|---|---|---|
| 06/02/2025 | 513 BDU | MBY00078 | 45000.00 | 06/02/2025 | Books | Dewey Decimal Classification | CBE MBEYA | CBE MBEYA | Special Reserve Collection | 06/02/2025 | PURCHASE | 15000.00 | ||||||
| 12/06/2025 | 1 | 513 BDU | MBY000972 | 45000.00 | 06/02/2025 | Books | Dewey Decimal Classification | CBE MBEYA | CBE MBEYA | General Collection | 06/02/2025 | PURCHASE | 15000.00 | 11/24/2025 | ||||
| 06/28/2025 | 513 BDU | MBY000902 | 45000.00 | 06/02/2025 | Books | Dewey Decimal Classification | CBE MBEYA | CBE MBEYA | General Collection | 06/02/2025 | PURCHASE | 15000.00 |
